[Event "41st POL-ch (w)"]
[Site "Poznan POL"]
[Date "1989.??.??"]
[Round "6"]
[White "Klusek, Danuta"]
[Black "Jagodzinska, Joanna"]
[Result "1-0"]
[WhiteElo "2145"]
[BlackElo "2140"]
[EventDate "1989.??.??"]
[PlyCount "73"]

1.e4 c5 2.Nf3 d6 3.d4 cxd4 4.Qxd4 Nc6 5.Bb5 Bd7 6.Bxc6 Bxc6 7.Nc3 e6 8.Qd3
Nf6 9.Bg5 Be7 10.O-O-O O-O 11.h4 Qa5 12.Nd4 Rfc8 13.f4 a6 14.f5 Bd7 15.Nb3
Qb4 16.e5 dxe5 17.Bxf6 Bxf6 18.Qxd7 Qf4+ 19.Qd2 Qxf5 20.Rdf1 Qg4 21.Qf2 
Rc7 22.Nd2 Bd8 23.Re1 f6 24.Re4 Qf5 25.Qe2 Rac8 26.h5 h6 27.Rf1 Qh7 28.g4 
Be7 29.Rc4 Kh8 30.Rxc7 Rxc7 31.Nf3 Qg8 32.Nh4 Qe8 33.Ng6+ Kg8 34.Rd1 Rd7 
35.Qc4 Rxd1+ 36.Nxd1 Qd7 37.Qc8+ 1-0

[Event "41st POL-ch (w)"]
[Site "Poznan POL"]
[Date "1989.??.??"]
[Round "6"]
[White "Lissowska, Anna"]
[Black "Sosnowska, Elzbieta"]
[Result "1/2-1/2"]
[WhiteElo "2145"]
[BlackElo "2120"]
[EventDate "1989.??.??"]
[PlyCount "35"]

1.d4 d5 2.c4 e6 3.Nc3 c5 4.cxd5 exd5 5.Nf3 Nc6 6.g3 c4 7.Bg2 Bb4 8.O-O 
Nge7 9.e4 O-O 10.exd5 Nxd5 11.Nxd5 Qxd5 12.Ne5 Qb5 13.Nxc6 bxc6 14.a4 Qa6 
15.Bd2 Bxd2 16.Qxd2 Be6 17.Rfe1 Rfd8 18.Re5 1/2-1/2

[Event "41st POL-ch (w)"]
[Site "Poznan POL"]
[Date "1989.??.??"]
[Round "6"]
[White "Kaczmarek, Ewa"]
[Black "Sikora-Gizynska, Bozena"]
[Result "0-1"]
[WhiteElo "2160"]
[BlackElo "2215"]
[EventDate "1989.??.??"]
[PlyCount "62"]

1.e4 c5 2.Nf3 e6 3.d4 cxd4 4.Nxd4 Nf6 5.Nc3 d6 6.g4 Be7 7.g5 Nfd7 8.h4 Nb6
9.Be3 d5 10.Bb5+ Bd7 11.exd5 Nxd5 12.Nxd5 exd5 13.Bxd7+ Qxd7 14.Qd3 O-O 
15.Nf5 Nc6 16.Nxe7+ Qxe7 17.c3 d4 18.cxd4 Nb4 19.Qe2 Qe4 20.f3 Qf5 21.Rc1 
Nd3+ 22.Kd2 Nxc1 23.Rxc1 Rac8 24.Rc5 Qb1 25.Kc3 b6 26.Rxc8 Rxc8+ 27.Kb3 
Qf5 28.a4 Qe6+ 29.d5 Qxd5+ 30.Ka3 Qd6+ 31.Ka2 Qe6+ 0-1

[Event "41st POL-ch (w)"]
[Site "Poznan POL"]
[Date "1989.??.??"]
[Round "6"]
[White "Rzeczycka, Bozena"]
[Black "Erenska-Radzewska, Hanna"]
[Result "1/2-1/2"]
[WhiteElo "2090"]
[BlackElo "2285"]
[EventDate "1989.??.??"]
[PlyCount "102"]

1.e4 c5 2.Nf3 e6 3.d4 cxd4 4.Nxd4 Nf6 5.Nc3 d6 6.g4 h6 7.g5 hxg5 8.Bxg5 
Nc6 9.Qd2 Qb6 10.Nb3 a6 11.h4 Bd7 12.Be2 Qc7 13.O-O-O O-O-O 14.f4 Kb8 15.
h5 Be7 16.Bf3 Bc8 17.Qe3 Ng8 18.Bxe7 Ngxe7 19.Rhg1 g6 20.hxg6 Nxg6 21.Rh1 
Qe7 22.Rxh8 Rxh8 23.Qd2 Rh4 24.Ne2 Rh3 25.Bg4 Rh2 26.Qxd6+ Qxd6 27.Rxd6 
Rh4 28.Bf3 Nxf4 29.Nxf4 Rxf4 30.Bg2 Ne5 31.Rd1 Rg4 32.Bh1 b6 33.Nd2 Bb7 
34.Re1 Rf4 35.b3 b5 36.b4 Rh4 37.Nb3 Nd7 38.Na5 Ba8 39.c4 bxc4 40.Nxc4 f5 
41.Nd2 e5 42.Bf3 Rf4 43.Re3 fxe4 44.Bxe4 Bxe4 45.Rxe4 Rxe4 46.Nxe4 Kc7 47.
Kc2 Kc6 48.a4 Nb6 49.Nc3 Nc4 50.b5+ axb5 51.axb5+ Kc5 1/2-1/2

[Event "41st POL-ch (w)"]
[Site "Poznan POL"]
[Date "1989.??.??"]
[Round "6"]
[White "Strzalka, Joanna"]
[Black "Swiecik, Iwona"]
[Result "0-1"]
[WhiteElo "2160"]
[BlackElo "2240"]
[EventDate "1989.??.??"]
[PlyCount "82"]

1.e4 c5 2.Nf3 Nc6 3.d4 cxd4 4.Nxd4 Nf6 5.Nc3 e5 6.Ndb5 d6 7.Bg5 a6 8.Bxf6 
gxf6 9.Na3 b5 10.Nd5 f5 11.g3 fxe4 12.Bg2 Be6 13.O-O Bg7 14.Bxe4 O-O 15.c4
f5 16.Bg2 Nd4 17.cxb5 axb5 18.Nc2 Nxc2 19.Qxc2 e4 20.Rfd1 Ra4 21.Bf1 Ra5 
22.Qd2 Kh8 23.b4 Ra7 24.Rac1 Qb8 25.Rc2 Be5 26.Qh6 Bg8 27.Bxb5 Bg7 28.Qe3 
f4 29.Nxf4 Bxa2 30.Bc4 Bxc4 31.Rxc4 Be5 32.Ne6 Rf6 33.Rdc1 Ra8 34.Nc7 Ra2 
35.Nd5 Rf8 36.R1c2 Qa7 37.Qxa7 Rxa7 38.Rc7 Ra1+ 39.Kg2 Re1 40.b5 Rb1 41.b6
Bd4 0-1

[Event "41st POL-ch (w)"]
[Site "Poznan POL"]
[Date "1989.??.??"]
[Round "6"]
[White "Szmacinska, Grazyna"]
[Black "Kaczorowska, Barbara"]
[Result "0-1"]
[WhiteElo "2215"]
[BlackElo "2200"]
[EventDate "1989.??.??"]
[PlyCount "165"]

1.d4 d5 2.c4 c6 3.Nf3 Nf6 4.Nc3 dxc4 5.a4 Bf5 6.e3 e6 7.Bxc4 Bb4 8.O-O O-O
9.Qe2 Nbd7 10.e4 Bg6 11.Bd3 Bh5 12.e5 Nd5 13.Ne4 Be7 14.Ng3 Bg6 15.Bxg6 
fxg6 16.Ne4 h6 17.Ne1 Rf5 18.Nd3 Qb6 19.Be3 a5 20.Ng3 Nxe3 21.Qxe3 Rf7 22.
Qe4 Nf8 23.Ne2 Rd8 24.Rfc1 Qb3 25.Rc3 Qd5 26.Qxd5 Rxd5 27.g3 g5 28.Rb3 Rd7
29.Rc1 Rf3 30.Kg2 g4 31.Rcc3 Rf7 32.Nc5 Bxc5 33.Rxc5 Rd5 34.Rc4 Rfd7 35.f4
gxf3+ 36.Kxf3 Ng6 37.Ke4 Ne7 38.Nf4 b5 39.axb5 cxb5 40.Rc5 Rxd4+ 41.Kf3 
Kf7 42.Rcxb5 g5 43.Ne2 g4+ 44.Kf2 Rd2 45.Ke1 Nc6 46.Nc3 Rxh2 47.Rb7 Nxe5 
48.Rxd7+ Nxd7 49.Rb7 Ke8 50.Ne4 Ne5 51.Rb5 Nf3+ 52.Kf1 Nd2+ 53.Kg1 Nf3+ 
54.Kf1 Nd2+ 55.Kg1 Re2 56.Nf6+ Kf7 57.Nxg4 Kg6 58.Rxa5 h5 59.Nf2 Nc4 60.
Rb5 Nxb2 61.g4 hxg4 62.Nxg4 Nd3 63.Rb3 Nf4 64.Kf1 Ra2 65.Ne5+ Kf5 66.Nd3 
Nd5 67.Rb2 Ra3 68.Rf2+ Kg4 69.Rg2+ Kf3 70.Ne1+ Ke4 71.Re2+ Kf5 72.Nc2 Rd3 
73.Ke1 Nf4 74.Rd2 Rh3 75.Nd4+ Ke4 76.Kd1 e5 77.Nc6 Rh1+ 78.Kc2 Rh3 79.Kd1 
Rc3 80.Rc2 Rd3+ 81.Rd2 Ra3 82.Nxe5 Kxe5 83.Rd8 0-1

[Event "41st POL-ch (w)"]
[Site "Poznan POL"]
[Date "1989.??.??"]
[Round "7"]
[White "Erenska-Radzewska, Hanna"]
[Black "Strzalka, Joanna"]
[Result "1-0"]
[WhiteElo "2285"]
[BlackElo "2160"]
[EventDate "1989.??.??"]
[PlyCount "69"]

1.e4 e5 2.Bc4 Nf6 3.d3 Bc5 4.Nf3 Nc6 5.O-O d6 6.c3 a6 7.Bb3 O-O 8.Nbd2 Ne7
9.Nc4 Ng6 10.Be3 b5 11.Ncd2 Kh8 12.a4 Ng4 13.Bxc5 dxc5 14.axb5 Nf4 15.Bc2 
Qd6 16.Nc4 Qg6 17.g3 Nh3+ 18.Kg2 f5 19.Nfxe5 Qh5 20.Nxg4 fxg4 21.f4 gxf3+ 
22.Kh1 Rf6 23.Ne3 Qg5 24.Nd5 Rf8 25.Qc1 Qh5 26.Bd1 Ng5 27.Nf4 Rxf4 28.Qxf4
Bg4 29.Rxa6 Re8 30.h4 Nh3 31.Qxc7 f2 32.Bxg4 Qxg4 33.Qf7 Rg8 34.Kg2 h5 35.
Qf5 1-0

[Event "41st POL-ch (w)"]
[Site "Poznan POL"]
[Date "1989.??.??"]
[Round "7"]
[White "Jagodzinska, Joanna"]
[Black "Rzeczycka, Bozena"]
[Result "1/2-1/2"]
[WhiteElo "2140"]
[BlackElo "2090"]
[EventDate "1989.??.??"]
[PlyCount "59"]

1.e4 e5 2.Nf3 Nc6 3.Bb5 a6 4.Ba4 Nf6 5.d4 exd4 6.O-O Be7 7.Re1 b5 8.e5 
Nxe5 9.Rxe5 d6 10.Re1 bxa4 11.Nxd4 Bd7 12.Qf3 O-O 13.Nc6 Bxc6 14.Qxc6 d5 
15.Nc3 a3 16.b3 Qd6 17.Qxd6 Bxd6 18.Bd2 Rfe8 19.f3 Re6 20.Rad1 Rae8 21.Nb1
Kf8 22.Rxe6 fxe6 23.Bc1 e5 24.Bxa3 Bxa3 25.Nxa3 c6 26.c4 Ke7 27.Kf2 Ke6 
28.cxd5+ cxd5 29.Rc1 Kd6 30.Rc2 1/2-1/2

[Event "41st POL-ch (w)"]
[Site "Poznan POL"]
[Date "1989.??.??"]
[Round "7"]
[White "Kaczorowska, Barbara"]
[Black "Grochot, Czeslawa"]
[Result "1/2-1/2"]
[WhiteElo "2200"]
[BlackElo "2040"]
[EventDate "1989.??.??"]
[PlyCount "162"]

1.d4 Nf6 2.c4 c5 3.e3 g6 4.Nf3 Bg7 5.Nc3 O-O 6.Be2 cxd4 7.exd4 d5 8.O-O 
Nc6 9.Bf4 Be6 10.b3 Ne4 11.Nxd5 Bxd5 12.cxd5 Nc3 13.Qd2 Nxe2+ 14.Qxe2 Qxd5
15.Rad1 Rfd8 16.Be5 e6 17.h4 h5 18.Rfe1 Rd7 19.Bxg7 Kxg7 20.Ne5 Rdd8 21.
Nxc6 Qxc6 22.Qe5+ Kg8 23.Qf6 Rd5 24.Re5 Rad8 25.Rxd5 Rxd5 26.Qf3 Qd7 27.
Rc1 Rxd4 28.g3 Rd3 29.Qe4 Rd1+ 30.Rxd1 Qxd1+ 31.Kh2 Qd8 32.Qe5 a6 33.Qc5 
Qd5 34.Qc8+ Kh7 35.Qf8 Qf3 36.Kg1 Qd1+ 37.Kh2 Qf3 38.Kg1 e5 39.Qe7 Qd5 40.
Qc7 Kg7 41.Qc8 Qd1+ 42.Kg2 Qd5+ 43.Kg1 Kf6 44.Qc3 Kf5 45.Qc8+ Kf6 46.Qc3 
Ke6 47.Qc8+ Kd6 48.Qc3 Qd1+ 49.Kg2 Qd4 50.Qc8 Qe4+ 51.Kg1 Qd5 52.Qc3 a5 
53.Qc8 Qd1+ 54.Kg2 Qd5+ 55.Kg1 Ke7 56.Qc7+ Kf8 57.Qc3 Kg7 58.a4 Kf6 59.b4 
Qd1+ 60.Kg2 Qd5+ 61.Kg1 axb4 62.Qxb4 Kf5 63.a5 e4 64.Qe1 Kg4 65.Qe2+ Kf5 
66.a6 bxa6 67.Qxa6 Qd1+ 68.Kg2 Qf3+ 69.Kg1 Kg4 70.Qc8+ f5 71.Qc1 Qd3 72.
Kg2 Qf3+ 73.Kg1 Kh3 74.Qf1+ Kg4 75.Qc1 e3 76.Qc4+ Kh3 77.Qf1+ Kg4 78.Qc4+ 
Qe4 79.Qe2+ Qf3 80.Qc4+ Kh3 81.Qf1+ Kg4 1/2-1/2

[Event "41st POL-ch (w)"]
[Site "Poznan POL"]
[Date "1989.??.??"]
[Round "7"]
[White "Sikora-Gizynska, Bozena"]
[Black "Szmacinska, Grazyna"]
[Result "1/2-1/2"]
[WhiteElo "2215"]
[BlackElo "2215"]
[EventDate "1989.??.??"]
[PlyCount "64"]

1.e4 e5 2.Nf3 Nc6 3.Bc4 Bc5 4.O-O Nf6 5.d3 d6 6.c3 O-O 7.Bb3 a6 8.Nbd2 Ba7
9.Nc4 Be6 10.a4 h6 11.a5 Ne7 12.Re1 Ng6 13.Be3 Bb8 14.Ncd2 c6 15.Bxe6 fxe6
16.Qb3 Qe7 17.Nc4 Ba7 18.Bxa7 Rxa7 19.Qa3 Rd8 20.Rad1 Raa8 21.d4 exd4 22.
Rxd4 Ne8 23.Red1 d5 24.Qxe7 Nxe7 25.Nb6 Rab8 26.Na4 Ng6 27.exd5 exd5 28.c4
Nc7 29.Nc5 Re8 30.Kf1 Nf8 31.cxd5 Nxd5 32.Re1 Rxe1+ 1/2-1/2

[Event "41st POL-ch (w)"]
[Site "Poznan POL"]
[Date "1989.??.??"]
[Round "7"]
[White "Sosnowska, Elzbieta"]
[Black "Kaczmarek, Ewa"]
[Result "1-0"]
[WhiteElo "2120"]
[BlackElo "2160"]
[EventDate "1989.??.??"]
[PlyCount "81"]

1.e4 c5 2.Nf3 d6 3.Nc3 Nf6 4.d4 cxd4 5.Nxd4 e6 6.g4 h6 7.Rg1 Nc6 8.Be3 Bd7
9.Qe2 Be7 10.O-O-O a6 11.f4 Qc7 12.h4 h5 13.g5 Ng4 14.Bh3 Nxe3 15.Qxe3 
O-O-O 16.f5 Nxd4 17.Rxd4 g6 18.f6 Bf8 19.Rgd1 Kb8 20.R4d2 d5 21.exd5 Bd6 
22.Rf1 exd5 23.Bxd7 Rxd7 24.Nxd5 Qc4 25.Qh3 Rdd8 26.Kb1 Bb4 27.Ne3 Qb5 28.
Rxd8+ Rxd8 29.c4 Qb6 30.Nd5 Qc5 31.Qg3+ Ka7 32.Qb3 Ba5 33.Rc1 Rd6 34.a3 
Bd8 35.Qd3 b5 36.b4 Qc6 37.Qe3+ Kb7 38.Ne7 Qd7 39.c5 Re6 40.c6+ Qxc6 41.
Nxc6 1-0

[Event "41st POL-ch (w)"]
[Site "Poznan POL"]
[Date "1989.??.??"]
[Round "8"]
[White "Swiecik, Iwona"]
[Black "Erenska-Radzewska, Hanna"]
[Result "1-0"]
[WhiteElo "2240"]
[BlackElo "2285"]
[EventDate "1989.??.??"]
[PlyCount "65"]

1.e4 c5 2.Nf3 e6 3.d4 cxd4 4.Nxd4 Nf6 5.Nc3 d6 6.Be2 Be7 7.O-O a6 8.f4 Qc7
9.Kh1 O-O 10.a4 b6 11.Bf3 Bb7 12.Qe2 Nc6 13.Nxc6 Bxc6 14.e5 Nd7 15.Bxc6 
Qxc6 16.Rf3 g6 17.Bd2 d5 18.f5 exf5 19.Rd3 d4 20.Rxd4 Bc5 21.Rh4 Rfc8 22.
Bf4 Bb4 23.Qd2 Bxc3 24.bxc3 Nc5 25.Bg3 h5 26.Qh6 Ne6 27.c4 Rd8 28.Re1 Qxa4
29.c5 Qxc2 30.cxb6 Qc5 31.Ra4 Qxb6 32.Bh4 Rd4 33.Bf6 1-0

[Event "41st POL-ch (w)"]
[Site "Poznan POL"]
[Date "1989.??.??"]
[Round "8"]
[White "Lissowska, Anna"]
[Black "Kaczmarek, Ewa"]
[Result "0-1"]
[WhiteElo "2145"]
[BlackElo "2160"]
[EventDate "1989.??.??"]
[PlyCount "76"]

1.d4 d5 2.c4 dxc4 3.e3 e6 4.Bxc4 Nf6 5.Nf3 c5 6.O-O a6 7.Bd3 Nbd7 8.Nc3 b5
9.a4 b4 10.Nb1 Bb7 11.Nbd2 a5 12.Bb5 cxd4 13.exd4 Bd6 14.Nc4 Bc7 15.Nce5 
O-O 16.Nc6 Bxc6 17.Bxc6 Rc8 18.Bb5 h6 19.Qe2 Nd5 20.Ne5 N7f6 21.g3 Bb6 22.
Rd1 Nc7 23.Nc6 Qd7 24.Nxa5 Nxb5 25.axb5 Ra8 26.Nb3 Qd5 27.Rxa8 Rxa8 28.Qd3
Rd8 29.Be3 Ng4 30.Nc1 Qh5 31.h4 g5 32.hxg5 hxg5 33.Kf1 Ne5 34.Qe4 Qxd1+ 
35.Kg2 Ng6 36.Bxg5 Qxd4 37.Qf3 Rd5 38.Bf6 Qd2 0-1

[Event "41st POL-ch (w)"]
[Site "Poznan POL"]
[Date "1989.??.??"]
[Round "8"]
[White "Grochot, Czeslawa"]
[Black "Sikora-Gizynska, Bozena"]
[Result "0-1"]
[WhiteElo "2040"]
[BlackElo "2215"]
[EventDate "1989.??.??"]
[PlyCount "119"]

1.e4 c5 2.Nf3 e6 3.d4 cxd4 4.Nxd4 Nf6 5.Nc3 d6 6.Be2 a6 7.O-O Qc7 8.Be3 
Be7 9.Kh1 O-O 10.f4 b5 11.Bf3 Bb7 12.a3 Nbd7 13.Qe1 Rac8 14.Bf2 Nb6 15.a4 
b4 16.Nd1 d5 17.e5 Ne4 18.Bg1 Nc4 19.Bxe4 dxe4 20.c3 bxc3 21.bxc3 Bd5 22.
Nc2 Na5 23.Nce3 Bb3 24.Rf2 Rfd8 25.Rb2 Rb8 26.Rd2 Qc6 27.Qe2 Rxd2 28.Qxd2 
Rd8 29.Qe2 g6 30.Qe1 Kg7 31.Nb2 Qd7 32.Ned1 Qd2 33.Qf1 Bxd1 34.Nxd1 Nb3 
35.Rb1 Qc2 36.Ne3 Qxc3 37.Qxa6 Qd3 38.Qxd3 Rxd3 39.h3 Bc5 40.Ng4 Bb4 41.
Kh2 Ba5 42.Kh1 Nd2 43.Rb5 Bd8 44.a5 Ra3 45.Rb8 Be7 46.Rb2 Nf1 47.Rb7 Bh4 
48.Rb1 Ng3+ 49.Kh2 Rxa5 50.Bf2 Nf5 51.Bxh4 Nxh4 52.Kg3 Nf5+ 53.Kf2 Ra2+ 
54.Kf1 Ng3+ 55.Ke1 Rxg2 56.Rb8 Nh5 57.Rb7 Nxf4 58.Nf6 Nxh3 59.Rb8 h5 60.
Rg8+ 0-1

[Event "41st POL-ch (w)"]
[Site "Poznan POL"]
[Date "1989.??.??"]
[Round "8"]
[White "Strzalka, Joanna"]
[Black "Jagodzinska, Joanna"]
[Result "0-1"]
[WhiteElo "2160"]
[BlackElo "2140"]
[EventDate "1989.??.??"]
[PlyCount "58"]

1.e4 c5 2.Nf3 d6 3.d4 cxd4 4.Nxd4 Nf6 5.Nc3 g6 6.Be3 Bg7 7.f3 Nc6 8.Qd2 
O-O 9.Bc4 Bd7 10.Bb3 Qa5 11.O-O-O Rfc8 12.Kb1 Ne5 13.h4 Nc4 14.Bxc4 Rxc4 
15.Nb3 Qc7 16.h5 Rxc3 17.bxc3 Nxh5 18.g4 Nf6 19.Bh6 Bh8 20.Bg5 Be6 21.e5 
dxe5 22.Rh4 Rc8 23.Rdh1 Qxc3 24.Qh2 h5 25.Bc1 Bxb3 26.axb3 Nxg4 27.Qd2 
Qxd2 28.Bxd2 Nf6 29.Rg1 Bg7 0-1

[Event "41st POL-ch (w)"]
[Site "Poznan POL"]
[Date "1989.??.??"]
[Round "8"]
[White "Szmacinska, Grazyna"]
[Black "Sosnowska, Elzbieta"]
[Result "1/2-1/2"]
[WhiteElo "2215"]
[BlackElo "2120"]
[EventDate "1989.??.??"]
[PlyCount "29"]

1.d4 Nf6 2.Nf3 e6 3.Bf4 d5 4.c3 Bd6 5.Bxd6 Qxd6 6.e3 Nbd7 7.Be2 O-O 8.O-O 
c6 9.Nbd2 e5 10.dxe5 Nxe5 11.Nxe5 Qxe5 12.Nf3 Qe7 13.h3 Bf5 14.Bd3 Bxd3 
15.Qxd3 1/2-1/2

[Event "41st POL-ch (w)"]
[Site "Poznan POL"]
[Date "1989.??.??"]
[Round "8"]
[White "Wiese-Jozwiak, Malgorzata"]
[Black "Kaczorowska, Barbara"]
[Result "1/2-1/2"]
[WhiteElo "2270"]
[BlackElo "2200"]
[EventDate "1989.??.??"]
[PlyCount "95"]

1.e4 c6 2.d4 d5 3.Nd2 dxe4 4.Nxe4 Bf5 5.Ng3 Bg6 6.N1e2 e6 7.Nf4 Bd6 8.c3 
Qc7 9.Qf3 Nf6 10.h4 Nbd7 11.h5 Bc2 12.h6 g6 13.Bd3 Bxd3 14.Nxd3 Qa5 15.Bd2
Qd5 16.Qxd5 cxd5 17.Bf4 Bxf4 18.Nxf4 O-O 19.O-O-O b5 20.Kb1 Rfc8 21.f3 Ne8
22.Rhe1 Nd6 23.Nd3 a5 24.Ne5 Ra7 25.Nf1 Nxe5 26.dxe5 Nf5 27.g4 Nxh6 28.Ne3
Kg7 29.Rh1 Ng8 30.f4 f5 31.gxf5 gxf5 32.Nc2 Rb7 33.Nd4 Re8 34.Rdg1+ Kf8 
35.Rh2 b4 36.cxb4 axb4 37.Rgh1 h6 38.Rg1 Rg7 39.Rxg7 Kxg7 40.Nc6 b3 41.
axb3 Ne7 42.Nxe7 Rxe7 43.Kc2 Rc7+ 44.Kd2 Rc8 45.Rh3 Kg6 46.Rg3+ Kf7 47.Rh3
Kg6 48.Rg3+ 1/2-1/2

[Event "41st POL-ch (w)"]
[Site "Poznan POL"]
[Date "1989.??.??"]
[Round "9"]
[White "Erenska-Radzewska, Hanna"]
[Black "Lissowska, Anna"]
[Result "0-1"]
[WhiteElo "2285"]
[BlackElo "2145"]
[EventDate "1989.??.??"]
[PlyCount "128"]

1.e4 e6 2.d4 d5 3.Nc3 Nf6 4.e5 Nfd7 5.f4 c5 6.Nf3 Nc6 7.Be3 cxd4 8.Nxd4 
Qb6 9.Qd2 Qxb2 10.Rb1 Qa3 11.Bb5 Nxd4 12.Bxd4 Bb4 13.O-O O-O 14.Rf3 Qa5 
15.Qf2 b6 16.Bc6 Rb8 17.Nb5 Bc5 18.c3 Rd8 19.Rh3 Ba6 20.Nd6 Nf8 21.a4 Ng6 
22.Bb5 Bxd6 23.exd6 Bxb5 24.axb5 Rxd6 25.Qb2 a6 26.c4 dxc4 27.bxa6 Nxf4 
28.Ra3 c3 29.Rxa5 cxb2 30.Be5 Rc8 31.Kf2 Nd3+ 32.Ke3 Nxe5 33.Rxe5 Ra8 34.
Rxb2 Rxa6 35.Reb5 g6 36.Rc2 Kg7 37.g3 Ra5 38.Rb3 Re5+ 39.Kf3 Red5 40.Rcc3 
e5 41.g4 Rd4 42.h3 Kf6 43.Kg3 e4 44.Kf4 g5+ 45.Ke3 Rd3+ 46.Kxe4 Rxc3 47.
Rxc3 b5 48.Rf3+ Kg6 49.Rb3 Rb6 50.Rb4 h5 51.gxh5+ Kxh5 52.Kf5 f6 53.Rb1 b4
54.Rb3 Kh6 55.h4 gxh4 56.Rh3 Kh5 57.Rb3 Rb5+ 58.Kf4 f5 59.Kf3 Kg5 60.Rb2 
b3 61.Rg2+ Kf6 62.Rb2 Ke5 63.Ke3 h3 64.Kf3 Kd4 0-1

[Event "41st POL-ch (w)"]
[Site "Poznan POL"]
[Date "1989.??.??"]
[Round "9"]
[White "Jagodzinska, Joanna"]
[Black "Swiecik, Iwona"]
[Result "1-0"]
[WhiteElo "2140"]
[BlackElo "2240"]
[EventDate "1989.??.??"]
[PlyCount "79"]

1.e4 c5 2.Nf3 Nc6 3.d4 cxd4 4.Nxd4 e5 5.Nb5 d6 6.a4 a6 7.N5a3 Nf6 8.Nc3 
Be7 9.Bc4 O-O 10.O-O Be6 11.Re1 Nb4 12.Bg5 Rc8 13.b3 Qc7 14.Bxf6 Bxf6 15.
Nd5 Nxd5 16.Bxd5 Bxd5 17.Qxd5 Qc6 18.Red1 Qxd5 19.Rxd5 Rc3 20.Rad1 g6 21.
R1d2 Bg5 22.Re2 f5 23.exf5 gxf5 24.Nc4 Be7 25.Nxd6 Bxd6 26.Rxd6 Rfc8 27.
Rxe5 Rxb3 28.g3 Rb1+ 29.Kg2 f4 30.Re7 fxg3 31.hxg3 Rb2 32.Rdd7 Rbxc2 33.
Rg7+ Kf8 34.Rxh7 Kg8 35.Rdg7+ Kf8 36.Rxb7 Kg8 37.Rbg7+ Kf8 38.Ra7 Kg8 39.
Rhg7+ Kh8 40.Rgf7 1-0

[Event "41st POL-ch (w)"]
[Site "Poznan POL"]
[Date "1989.??.??"]
[Round "9"]
[White "Kaczorowska, Barbara"]
[Black "Klusek, Danuta"]
[Result "0-1"]
[WhiteElo "2200"]
[BlackElo "2145"]
[EventDate "1989.??.??"]
[PlyCount "112"]

1.d4 Nf6 2.c4 c5 3.d5 e6 4.Nc3 exd5 5.cxd5 d6 6.e4 g6 7.Nf3 Bg7 8.Be2 O-O 
9.O-O Na6 10.Nd2 Nc7 11.a4 b6 12.Nc4 Re8 13.Qc2 Ng4 14.f4 Bd4+ 15.Kh1 Nxh2
16.g3 Nxf1 17.Bxf1 f5 18.e5 dxe5 19.d6 Bb7+ 20.Bg2 Bxg2+ 21.Qxg2 Ne6 22.
fxe5 Bxe5 23.Nxe5 Qxd6 24.Bf4 g5 25.Rd1 Nd4 26.Nf7 Qg6 27.Nxg5 Rad8 28.Qf1
h6 29.Nf3 Qc6 30.Kg2 Re6 31.Rd2 Rde8 32.Rf2 Kg7 33.Qd3 Re1 34.Bd2 R1e6 35.
Kh2 Nxf3+ 36.Rxf3 Rd6 37.Nd5 Qxd5 38.Bc3+ Kg8 39.Qf1 Rf8 40.g4 Qd1 41.Qc4+
Qd5 42.Qf4 Re6 43.gxf5 Re2+ 44.Kh3 Kh7 45.Qg3 Qf7 46.Qg6+ Qxg6 47.fxg6+ 
Kg8 48.Rd3 Re6 49.g7 Rfe8 50.Kg4 a6 51.Kf5 b5 52.axb5 axb5 53.Bf6 Kh7 54.
Rd7 Re2 55.Rf7 Rf2+ 56.Kg4 Kg8 0-1

[Event "41st POL-ch (w)"]
[Site "Poznan POL"]
[Date "1989.??.??"]
[Round "9"]
[White "Kaczmarek, Ewa"]
[Black "Szmacinska, Grazyna"]
[Result "1/2-1/2"]
[WhiteElo "2160"]
[BlackElo "2215"]
[EventDate "1989.??.??"]
[PlyCount "87"]

1.e4 g6 2.d4 Bg7 3.Nc3 c6 4.f4 d5 5.e5 h5 6.Nf3 Bg4 7.Be3 e6 8.h3 Bxf3 9.
Qxf3 Nd7 10.g3 Qe7 11.O-O-O O-O-O 12.Bd3 f5 13.exf6 Qxf6 14.Qe2 Ne7 15.
Rhe1 Nf5 16.Bf2 Nf8 17.Bxf5 exf5 18.Nb1 Qd6 19.h4 Nd7 20.Qe7 Qxe7 21.Rxe7 
Bf6 22.Re6 Rde8 23.Rde1 Kd8 24.Nd2 Rxe6 25.Rxe6 Re8 26.Rxe8+ Kxe8 27.Nf3 
Ke7 28.Kd2 Nf8 29.Kd3 b6 30.b3 Kd6 31.c4 a6 32.c5+ Kc7 33.cxb6+ Kxb6 34.
Ne5 Kb5 35.Be1 Be7 36.a4+ Kb6 37.Bc3 Kb7 38.Ba5 Bd6 39.Bd2 Bxe5 40.fxe5 
Ne6 41.Be3 Kc7 42.Kc3 Nd8 43.Kb4 Ne6 44.Kc3 1/2-1/2

[Event "41st POL-ch (w)"]
[Site "Poznan POL"]
[Date "1989.??.??"]
[Round "9"]
[White "Sikora-Gizynska, Bozena"]
[Black "Wiese-Jozwiak, Malgorzata"]
[Result "0-1"]
[WhiteElo "2215"]
[BlackElo "2270"]
[EventDate "1989.??.??"]
[PlyCount "98"]

1.e4 d5 2.exd5 Qxd5 3.Nc3 Qa5 4.d4 Nf6 5.Nf3 Bg4 6.h3 Bh5 7.g4 Bg6 8.Ne5 
e6 9.Bd2 Bb4 10.Bg2 Qa6 11.a3 Bxc3 12.Bxc3 Nbd7 13.Nxg6 hxg6 14.g5 Nd5 15.
Bxd5 exd5 16.Qg4 Qe6+ 17.Qxe6+ fxe6 18.O-O-O Nb6 19.Ba5 Kd7 20.Bxb6 axb6 
21.Rde1 Rh4 22.c3 c5 23.dxc5 bxc5 24.Re3 Rf4 25.Rhe1 Re8 26.R3e2 Kd6 27.
Re5 Rf5 28.Rxf5 gxf5 29.f4 Rh8 30.Re3 Rh4 31.Rf3 e5 32.fxe5+ Kxe5 33.Kd2 
c4 34.a4 f4 35.a5 Rh5 36.Rf1 Rxg5 37.Re1+ Kd6 38.Re8 Rg2+ 39.Ke1 Rxb2 40.
Rg8 Rg2 41.h4 Rg3 42.Kd2 Ke5 43.Re8+ Kf5 44.Re7 Rg2+ 45.Ke1 Rc2 46.Rxb7 
Rxc3 47.Rxg7 Ra3 48.Ra7 Kg4 49.a6 Kxh4 0-1

[Event "41st POL-ch (w)"]
[Site "Poznan POL"]
[Date "1989.??.??"]
[Round "9"]
[White "Sosnowska, Elzbieta"]
[Black "Grochot, Czeslawa"]
[Result "1/2-1/2"]
[WhiteElo "2120"]
[BlackElo "2040"]
[EventDate "1989.??.??"]
[PlyCount "96"]

1.e4 c5 2.Nf3 e6 3.Nc3 Nc6 4.d4 cxd4 5.Nxd4 d6 6.Be3 Nf6 7.Bd3 a6 8.O-O 
Be7 9.Qe2 O-O 10.f4 Qc7 11.f5 Ne5 12.h3 b5 13.a4 Nxd3 14.cxd3 e5 15.Nf3 b4
16.Nd1 d5 17.Nf2 dxe4 18.dxe4 Bb7 19.Rfc1 Qa5 20.Nd2 Rac8 21.Nc4 Qd8 22.
Bb6 Qe8 23.b3 Nd7 24.Be3 Nc5 25.Nd2 f6 26.Qc4+ Qf7 27.Qxf7+ Kxf7 28.Rc4 
Nd7 29.Rac1 Rxc4 30.Rxc4 Rc8 31.Rxc8 Bxc8 32.Nd3 Bb7 33.Kf2 Ke8 34.Kf3 Kd8
35.Nc4 Ke8 36.g4 g6 37.h4 gxf5 38.gxf5 Kf7 39.Ba7 Ke8 40.Na5 Ba8 41.Nc4 
Bb7 42.Be3 Kf7 43.Nb6 Nb8 44.Nc5 Bxc5 45.Bxc5 Nc6 46.Nc4 Kg7 47.Nd6 Ba8 
48.Ne8+ Kf7 1/2-1/2

[Event "41st POL-ch (w)"]
[Site "Poznan POL"]
[Date "1989.??.??"]
[Round "10"]
[White "Erenska-Radzewska, Hanna"]
[Black "Jagodzinska, Joanna"]
[Result "1/2-1/2"]
[WhiteElo "2285"]
[BlackElo "2140"]
[EventDate "1989.??.??"]
[PlyCount "166"]

1.e4 c5 2.f4 d5 3.exd5 Qxd5 4.Nc3 Qd8 5.Nf3 Nf6 6.Ne5 e6 7.b3 Nfd7 8.Bb2 
Nxe5 9.fxe5 Nc6 10.Bb5 Bd7 11.Qe2 Be7 12.O-O-O a6 13.Bd3 Qc7 14.Rde1 O-O-O
15.Be4 Nxe5 16.Bxb7+ Kxb7 17.Qxe5 Qxe5 18.Rxe5 Bc6 19.Re2 Bf6 20.Rf1 Rhf8 
21.d3 Bd4 22.Ne4 Bxe4 23.Rxe4 Bxb2+ 24.Kxb2 Rde8 25.Rg4 g6 26.Rh4 h5 27.
Rf6 e5 28.Rc4 Rc8 29.Ra4 Ra8 30.Ra5 Rfc8 31.Rxf7+ Kb6 32.b4 cxb4 33.Rxe5 
Rc6 34.Rfe7 Rf8 35.R7e6 Rf6 36.Rxf6 Rxf6 37.Rg5 Rc6 38.Re5 a5 39.Re2 Kb5 
40.a3 Ka4 41.axb4 axb4 42.Re5 Rf6 43.Re2 Rc6 44.h3 Rd6 45.Re8 Rc6 46.Ra8+ 
Kb5 47.Rg8 Ka4 48.Rg7 Kb5 49.Re7 Ka4 50.Rf7 Kb5 51.Kc1 Ka4 52.Rf8 Rc5 53.
Rf4 Ka3 54.Rf6 b3 55.Ra6+ Kb4 56.Rb6+ Ka4 57.Rxb3 Rg5 58.Rc3 Rxg2 59.Rc4+ 
Kb5 60.h4 Rh2 61.Kd1 Rg2 62.Ke1 Rh2 63.Kd1 Rg2 64.Kc1 Rf2 65.Kb2 Rg2 66.
Kc3 Rh2 67.Re4 Kc5 68.d4+ Kd6 69.Kd3 Rh3+ 70.Re3 Rxh4 71.Rg3 Rh1 72.Rxg6+ 
Ke7 73.Kc4 Kf7 74.Rg2 h4 75.Kd5 h3 76.Rf2+ Ke7 77.c4 Rg1 78.c5 Rg6 79.Rh2 
Rh6 80.Kc4 Kd7 81.Kb5 Kc7 82.d5 Rh5 83.d6+ Kb7 1/2-1/2

[Event "41st POL-ch (w)"]
[Site "Poznan POL"]
[Date "1989.??.??"]
[Round "10"]
[White "Klusek, Danuta"]
[Black "Sikora-Gizynska, Bozena"]
[Result "1-0"]
[WhiteElo "2145"]
[BlackElo "2215"]
[EventDate "1989.??.??"]
[PlyCount "63"]

1.e4 c5 2.Nf3 e6 3.d4 cxd4 4.Nxd4 Nf6 5.Nc3 d6 6.Bg5 Be7 7.Qd2 a6 8.O-O-O 
Nbd7 9.f4 Qc7 10.Be2 O-O 11.g4 Nb6 12.Kb1 Re8 13.Rhg1 Bd7 14.f5 d5 15.e5 
Bb4 16.fxe6 fxe6 17.exf6 e5 18.Nf5 d4 19.Nh6+ gxh6 20.Bxh6 Kf7 21.Qg5 Rg8 
22.Qh5+ Rg6 23.Ne4 Be8 24.Bg7 Kg8 25.Qh4 Rc8 26.Bd3 Nd5 27.Ng5 Nxf6 28.
Bxf6 Rxf6 29.Nxh7 Rf7 30.Nf6+ Kf8 31.Qh8+ Ke7 32.Nd5+ 1-0

[Event "41st POL-ch (w)"]
[Site "Poznan POL"]
[Date "1989.??.??"]
[Round "10"]
[White "Lissowska, Anna"]
[Black "Szmacinska, Grazyna"]
[Result "1-0"]
[WhiteElo "2145"]
[BlackElo "2215"]
[EventDate "1989.??.??"]
[PlyCount "22"]

1.d4 Nf6 2.c4 e5 3.dxe5 Ng4 4.Bf4 Bc5 5.e3 Nc6 6.Qxg4 Qe7 7.Qxg7 Rf8 8.Bh6
Qh4 9.Nf3 Qe4 10.Nbd2 Qc2 11.Be2 d6 1-0

[Event "41st POL-ch (w)"]
[Site "Poznan POL"]
[Date "1989.??.??"]
[Round "10"]
[White "Grochot, Czeslawa"]
[Black "Kaczmarek, Ewa"]
[Result "1/2-1/2"]
[WhiteElo "2040"]
[BlackElo "2160"]
[EventDate "1989.??.??"]
[PlyCount "83"]

1.e4 c5 2.Nf3 d6 3.d4 cxd4 4.Nxd4 Nf6 5.Nc3 a6 6.Bc4 e6 7.Bb3 b5 8.O-O Be7
9.a3 O-O 10.Kh1 Qc7 11.Qe2 Nc6 12.Nxc6 Qxc6 13.f3 Bb7 14.Be3 Rac8 15.Rad1 
Rfd8 16.Qf2 Nd7 17.Bd4 Bf6 18.Bxf6 Nxf6 19.Rd2 Rd7 20.Rfd1 Rcd8 21.Rd4 Qc5
22.Kg1 Kf8 23.R4d2 Ke7 24.Qd4 Rc8 25.Kh1 Qxd4 26.Rxd4 Rc5 27.Kg1 a5 28.Kf2
Ba6 29.a4 b4 30.Nb5 Bxb5 31.axb5 Rb7 32.Rxd6 Rcxb5 33.Ra6 R7b6 34.Rxb6 
Rxb6 35.Ke3 Nd7 36.Ra1 Ra6 37.Bc4 Ra7 38.b3 Nb6 39.Bb5 e5 40.Rd1 Rc7 41.
Bd3 Kd6 42.Ba6+ 1/2-1/2